Indigenous knowledge and human development : (Record no. 8354)

MARC details
000 -LEADER
fixed length control field 00939 a2200229 4500
003 - CONTROL NUMBER IDENTIFIER
control field GBCCL
005 - DATE AND TIME OF LATEST TRANSACTION
control field 20241126110648.0
008 - FIXED-LENGTH DATA ELEMENTS--GENERAL INFORMATION
fixed length control field 200211b ||||| |||| 00| 0 eng d
020 ## - INTERNATIONAL STANDARD BOOK NUMBER
International Standard Book Number 9789351251477
020 ## - INTERNATIONAL STANDARD BOOK NUMBER
International Standard Book Number 9351251470
040 ## - CATALOGING SOURCE
Transcribing agency gbc
082 ## - DEWEY DECIMAL CLASSIFICATION NUMBER
Classification number 305.80095
-- 305.800954162
Item number BAR
100 ## - MAIN ENTRY--PERSONAL NAME
Personal name Barua, Indira
9 (RLIN) 14572
245 ## - TITLE STATEMENT
Title Indigenous knowledge and human development :
Remainder of title a study in North East India
260 ## - PUBLICATION, DISTRIBUTION, ETC.
Place of publication, distribution, etc. New Delhi :
Name of publisher, distributor, etc. Concept Publishing Company Pvt. Ltd.,
Date of publication, distribution, etc. 2015.
300 ## - PHYSICAL DESCRIPTION
Extent xvi, 232 pages : maps (black and white) ;
Other physical details 22 cm
505 ## - FORMATTED CONTENTS NOTE
Formatted contents note Study conducted on two scheduled tribe communities Sonowal Kecharis and Deoris of Assam, India.
650 ## - SUBJECT ADDED ENTRY--TOPICAL TERM
Topical term or geographic name entry element Sonowal Kachari (Indic people) -- Science -- India -- Assam.
9 (RLIN) 14573
650 ## - SUBJECT ADDED ENTRY--TOPICAL TERM
Topical term or geographic name entry element Deori (Indic people) -- Science -- India -- Assam.
9 (RLIN) 14574
650 ## - SUBJECT ADDED ENTRY--TOPICAL TERM
Topical term or geographic name entry element Sonowal Kachari (Indic people) -- Health and hygiene -- India -- Assam.
9 (RLIN) 14575
942 ## - ADDED ENTRY ELEMENTS (KOHA)
Source of classification or shelving scheme Dewey Decimal Classification
Koha item type Books
Holdings
Withdrawn status Lost status Source of classification or shelving scheme Damaged status Not for loan Home library Current Library Shelving location Date acquired Source of acquisition Cost, normal purchase price Total checkouts Full call number Barcode Date last seen Copy number Cost, replacement price Price effective from Koha item type
    Dewey Decimal Classification     GRACE BIBLE COLLEGE GRACE BIBLE COLLEGE North East Collection 2020-02-24 10 600.00   305.80095 BAR 013817 2025-05-01 c.1 800.00 2020-02-24 Books
© Grace Bible College Library 2025